000 00414cam a2200169ua 4500
041 _amal
_h
082 _a894.812
_bRAM/PA
100 _aRama Varma, Vayalar .
245 _aPadippathinna Pattakal /
_cVayalar Ramavarma.
_hTextual Documents
250 _a1 /
_b.
260 _aKollam :
_bModern Book Stall ,
_c1963.
300 _a85 ; .
500 _a1.50
504 _a
942 _cBK
999 _c4003
_d4003